Quiz Kpop - Statistiques

Statistiques générales
  • Ce quiz a été pris 313 fois
  • Le résultat moyen est 19 sur 34
Statistiques - réponses
Par images Réponse % Correct
Flower
86%
Money
83%
Bang Bang Bang
76%
Crazy
76%
Wannabe
72%
DNA
71%
Thunderous
71%
Pink Venom
67%
Maestro
66%
I AM
64%
Mic Drop
64%
OMG
64%
Standing Next To You
62%
Dun Dun
56%
Eleven
56%
Loco
56%
Sweet Venom
56%
Drunk-Dazed
54%
Likey
54%
Sticky
54%
Ddu-du ddu-du
53%
Savage
53%
Batter up
51%
As if it's your last
50%
XO
50%
Kick It
49%
Dice
47%
Love Dive
47%
Like Crazy
46%
Hot
44%
Armageddon
42%
Bubble Gum
40%
Good Boy Gone Bad
34%
Crazy Fom
4%
Aucun quiz correspondant
Distribution des résultats
% des personnes avec chaque résultat
Percentile par nombre de réponses
Votre historique - résultats
Vous n’avez pas pris ce quiz